00309nam a2200121Ia 4500008004100000082001700041100001400058245004800072250000800120260003300128300001000161650001600171150201s2005 xx 000 0 und d a618.92bR06G aGUPTE, S. aRECENT ADVANCES IN PEDIATRICS : ADALESCENCE a1ST bJAYPEE BROTHERSaDELHIc2005 a1-388 aPAEDIATRICS